| 000 | 00459nam a2200181Ia 4500 | ||
|---|---|---|---|
| 005 | 20250423100257.0 | ||
| 008 | 250422s9999 xx 000 0 und d | ||
| 020 | _a0-19-422949-1 | ||
| 050 | _aPZ 7 .V53 M88/ | ||
| 100 | _aVicari, Tim | ||
| 245 | 0 | _aMutiny on the bounty | |
| 260 | _aOxford | ||
| 260 | _bOxford Universty Press | ||
| 260 | _c2000 | ||
| 300 | _a56 p | ||
| 650 | _aEnglish language -- Study and teaching Readers - Stage 1 | ||
| 942 | _cBK | ||
| 999 |
_c32815 _d32815 |
||